000 004460000a22001690004500
003 MACL
005 20151231140254.0
008 151231b xxu||||| |||| 00| 0 eng d
040 _aMACL
_cMACL
041 _aEnglish
082 _a370/CHA
100 _aChaube, S P
_925727
245 _aSome Foundation And Guidelines of Modern Educations
260 _bRam Prasad and sons
_c1968
_aAgra
650 _aEducation
_925728
942 _cBK
_k370/cha
_2ddc
999 _c35845
_d35845